[Event "GRENKE Chess Open 2024"]
[Site "Karlsruhe"]
[Date "2024.03.30"]
[Round "5.15"]
[White "Holtel, Jasper"]
[Black "Wiechert, Hans"]
[Result "1-0"]
[WhiteElo "2330"]
[BlackElo "2167"]
[Annotator "RC"]
[PlyCount "97"]
[EventDate "2024.03.28"]
[EventType "swiss"]
[EventCountry "GER"]
[SourceTitle "playchess.com"]
[Source "ChessBase"]
[SourceQuality "1"]

1. d4 Nf6 2. c4 g6 3. Nc3 d5 4. Nf3 Bg7 5. h4 c5 6. dxc5 Qa5 7. cxd5 Nxd5 8. Qxd5 Bxc3+ 9. Bd2 Bxd2+ 10. Qxd2 Qxd2+ 11. Nxd2 Be6 12. e3 O-O 13. Rc1 Rc8 14. Bb5 b6 15. Ke2 bxc5 16. Bc4 Bxc4+ 17. Rxc4 Nd7 18. Rhc1 Rcb8 19. R1c2 a5 20. g3 Rb4 21. a3 Rb5 22. b3 f5 23. e4 Kf7 24. exf5 gxf5 25. Rf4 Ke6 26. Rc3 h5 27. Rd3 Nb6 28. a4 Rb4 29. Re3+ Kf6 30. Ne4+ Kg6 31. Nxc5 Rxf4 32. gxf4 Nd5 33. Re6+ Kf7 34. Re5 Nxf4+ 35. Kf3 Ng6 36. Rxf5+ Kg7 37. Rxh5 Rb8 38. Kg3 Rb4 39. Rg5 Kh6 40. Rg4 Rb6 41. Re4 Rc6 42. Nb7 Rc3+ 43. Re3 Rc1 44. Nxa5 Rg1+ 45. Kh2 Rg4 46. Nc6 Nxh4 47. Nxe7 Kh5 48. Re5+ Kh6 49. Nf5+ 1-0

[Event "GRENKE Chess Open 2024"]
[Site "Karlsruhe"]
[Date "2024.03.30"]
[Round "5.16"]
[White "Muckle, Julius"]
[Black "Van Roon, Sjoerd"]
[Result "1/2-1/2"]
[WhiteElo "2389"]
[BlackElo "2238"]
[Annotator "RC"]
[PlyCount "26"]
[EventDate "2024.03.28"]
[EventType "swiss"]
[EventCountry "GER"]
[SourceTitle "playchess.com"]
[Source "ChessBase"]
[SourceQuality "1"]

1. d4 d5 2. c4 e6 3. Nc3 Be7 4. cxd5 exd5 5. Bf4 c6 6. e3 Bf5 7. g4 Be6 8. h3 Nd7 9. Bd3 g5 10. Bh2 h5 11. f3 a5 12. e4 Nb6 13. e5 Nc4 1/2-1/2

[Event "GRENKE Chess Open 2024"]
[Site "Karlsruhe"]
[Date "2024.03.30"]
[Round "5.16"]
[White "Wenninger, Philipp"]
[Black "Parkhov, Yair"]
[Result "0-1"]
[WhiteElo "2348"]
[BlackElo "2518"]
[Annotator "TA"]
[PlyCount "48"]
[EventDate "2024.03.28"]
[EventType "swiss"]
[EventCountry "GER"]
[SourceTitle "playchess.com"]
[Source "ChessBase"]
[SourceQuality "1"]

1. d4 Nf6 2. c4 e6 3. Nf3 d5 4. g3 Bb4+ 5. Bd2 Be7 6. Bg2 O-O 7. O-O c6 8. Qc2 Nbd7 9. Rd1 a5 10. Bf4 a4 11. Ne5 h6 12. Nc3 a3 13. b3 g5 14. Nxd7 Nxd7 15. Be5 Qa5 16. f4 b5 17. cxb5 cxb5 18. e4 b4 19. Ne2 Bb7 20. f5 Rac8 21. Qd3 Nxe5 22. dxe5 Bc5+ 23. Kh1 dxe4 24. Bxe4 Qa8 0-1

[Event "GRENKE Chess Open 2024"]
[Site "Karlsruhe"]
[Date "2024.03.30"]
[Round "5.16"]
[White "Kolb, Tobias"]
[Black "Li, Zhuoling"]
[Result "1-0"]
[WhiteElo "2323"]
[BlackElo "2165"]
[Annotator "RC"]
[PlyCount "81"]
[EventDate "2024.03.28"]
[EventType "swiss"]
[EventCountry "GER"]
[SourceTitle "playchess.com"]
[Source "ChessBase"]
[SourceQuality "1"]

1. Nf3 Nf6 2. g3 b5 3. Bg2 Bb7 4. Na3 a6 5. c4 bxc4 6. Nxc4 a5 7. b3 e6 8. Bb2 Be7 9. O-O O-O 10. Qc2 Bxf3 11. Bxf3 c6 12. Ne5 Na6 13. d4 Nb4 14. Qd2 Nbd5 15. e4 Nb6 16. a3 Ne8 17. Bg2 a4 18. b4 f6 19. Nd3 Nc4 20. Qc2 d5 21. Rfe1 Nc7 22. Rad1 Bd6 23. Bf1 Nb5 24. Nc5 Bxc5 25. dxc5 Nxb2 26. Qxb2 Nc7 27. exd5 exd5 28. Bd3 Qd7 29. Re2 Rfe8 30. Rde1 Rxe2 31. Rxe2 Qf7 32. Qc2 g6 33. Qd1 Kg7 34. Qe1 Kf8 35. h4 d4 36. Qc1 Kg7 37. Bc4 Qd7 38. Qd1 Nb5 39. Qe1 Ra7 40. Re8 h5 41. Rg8+ 1-0

[Event "GRENKE Chess Open 2024"]
[Site "Karlsruhe"]
[Date "2024.03.30"]
[Round "5.16"]
[White "Frank, Adam"]
[Black "Koellner, Ruben Gideon"]
[Result "*"]
[WhiteElo "2284"]
[BlackElo "2453"]
[Annotator "RC"]
[PlyCount "33"]
[EventDate "2024.03.28"]
[EventType "swiss"]
[EventCountry "GER"]
[SourceTitle "playchess.com"]
[Source "ChessBase"]
[SourceQuality "1"]

1. d4 Nf6 2. c4 e6 3. Nf3 d5 4. g3 Bb4+ 5. Bd2 Be7 6. Bg2 O-O 7. O-O c6 8. Qc2 Nbd7 9. Rd1 a5 10. Bf4 a4 11. Ne5 h6 12. Nc3 a3 13. b3 g5 14. Nxd7 Nxd7 15. Be5 Qa5 16. f4 b5 17. cxb5 *

[Event "GRENKE Chess Open 2024"]
[Site "Karlsruhe"]
[Date "2024.03.30"]
[Round "5.17"]
[White "Seo, Jung Min"]
[Black "Hess, Max"]
[Result "*"]
[WhiteElo "2450"]
[BlackElo "2392"]
[Annotator "RC"]
[PlyCount "32"]
[EventDate "2024.03.28"]
[EventType "swiss"]
[EventCountry "GER"]
[SourceTitle "playchess.com"]
[Source "ChessBase"]
[SourceQuality "1"]

1. e4 c5 2. Nc3 d6 3. f4 g6 4. Nf3 Bg7 5. Bc4 Nc6 6. O-O e6 7. d4 cxd4 8. Nb5 d5 9. exd5 exd5 10. Bxd5 Nge7 11. Bxc6+ bxc6 12. Nbxd4 O-O 13. Be3 Ba6 14. Re1 Qc7 15. c3 Nd5 16. Qa4 Bb7 *

[Event "GRENKE Chess Open 2024"]
[Site "Karlsruhe"]
[Date "2024.03.30"]
[Round "5.17"]
[White "Lavrencic, Matic"]
[Black "Sagi, Bence"]
[Result "1/2-1/2"]
[WhiteElo "2322"]
[BlackElo "2164"]
[Annotator "RC"]
[PlyCount "54"]
[EventDate "2024.03.28"]
[EventType "swiss"]
[EventCountry "GER"]
[SourceTitle "playchess.com"]
[Source "ChessBase"]
[SourceQuality "1"]

1. e4 c5 2. Nf3 Nc6 3. Bb5 e5 4. O-O Bd6 5. d3 Nf6 6. Bg5 Nd4 7. Bc4 Nxf3+ 8. Qxf3 Be7 9. Nc3 O-O 10. Bxf6 Bxf6 11. Nd5 Bg5 12. g3 d6 13. Qg2 Be6 14. f4 b5 15. Bb3 c4 16. dxc4 Bxd5 17. cxd5 Bf6 18. c3 a5 19. a3 Qb6+ 20. Kh1 b4 21. cxb4 axb4 22. a4 Qe3 23. Bc4 exf4 24. gxf4 Bxb2 25. Rae1 Qc5 26. Bb5 Bc3 27. Rc1 Qe3 1/2-1/2

[Event "GRENKE Chess Open 2024"]
[Site "Karlsruhe"]
[Date "2024.03.30"]
[Round "5.17"]
[White "Knuedel, Torben"]
[Black "Dann, Matthias"]
[Result "1/2-1/2"]
[WhiteElo "2299"]
[BlackElo "2476"]
[Annotator "TA"]
[PlyCount "63"]
[EventDate "2024.03.28"]
[EventType "swiss"]
[EventCountry "GER"]
[SourceTitle "playchess.com"]
[Source "ChessBase"]
[SourceQuality "1"]

1. e4 c5 2. Nc3 d6 3. f4 g6 4. Nf3 Bg7 5. Bc4 Nc6 6. O-O e6 7. d4 cxd4 8. Nb5 d5 9. exd5 exd5 10. Bxd5 Nge7 11. Bxc6+ bxc6 12. Nbxd4 O-O 13. Be3 Ba6 14. Re1 Qc7 15. c3 Nd5 16. Qa4 Bb7 17. Ne5 Rfe8 18. Ndf3 c5 19. Bf2 Re6 20. Bg3 Nb6 21. Qc2 Rae8 22. Ng5 R6e7 23. Nexf7 Rxe1+ 24. Rxe1 Rxe1+ 25. Bxe1 Bd5 26. Ne5 Bxe5 27. fxe5 Qxe5 28. Qc1 Bxa2 29. Nf3 Qe8 30. Bf2 Qe5 31. Be1 Qe8 32. Bf2 1/2-1/2

[Event "GRENKE Chess Open 2024"]
[Site "Karlsruhe"]
[Date "2024.03.30"]
[Round "5.17"]
[White "Nechitaylo, Nikita"]
[Black "Buksa, Nataliya"]
[Result "1/2-1/2"]
[WhiteElo "2244"]
[BlackElo "2388"]
[Annotator "RC"]
[PlyCount "49"]
[EventDate "2024.03.28"]
[EventType "swiss"]
[EventCountry "GER"]
[SourceTitle "playchess.com"]
[Source "ChessBase"]
[SourceQuality "1"]

1. d4 d5 2. c4 c6 3. Nf3 Nf6 4. Nc3 e6 5. e3 Nbd7 6. Qc2 Bd6 7. b3 b6 8. Be2 O-O 9. O-O Bb7 10. Bb2 Qe7 11. Rfe1 Rfe8 12. e4 e5 13. exd5 cxd5 14. Nb5 Bb4 15. dxe5 Bxe1 16. Rxe1 Ng4 17. Nd6 Ngxe5 18. Nxe8 Nxf3+ 19. gxf3 Rxe8 20. Qf5 dxc4 21. Bc3 Qe6 22. Qxe6 Rxe6 23. Rd1 Rxe2 24. Rxd7 Bc6 25. Rd8+ 1/2-1/2

[Event "GRENKE Chess Open 2024"]
[Site "Karlsruhe"]
[Date "2024.03.30"]
[Round "5.18"]
[White "Feuerstack, Aljoscha"]
[Black "Faerber, David"]
[Result "1-0"]
[WhiteElo "2471"]
[BlackElo "2394"]
[Annotator "RC"]
[PlyCount "77"]
[EventDate "2024.03.28"]
[EventType "swiss"]
[EventCountry "GER"]
[SourceTitle "playchess.com"]
[Source "ChessBase"]
[SourceQuality "1"]

1. e4 e5 2. Nf3 Nc6 3. Bb5 a6 4. Ba4 Nf6 5. Nc3 d6 6. Bxc6+ bxc6 7. d4 Nd7 8. O-O a5 9. Re1 Be7 10. b3 O-O 11. Bb2 f6 12. a4 Bb7 13. Qd2 c5 14. dxc5 Nxc5 15. Ba3 Ne6 16. Nd5 Nc5 17. Nc3 Ne6 18. Nd5 Rf7 19. Rad1 Bf8 20. Bb2 c6 21. Ne3 Rd7 22. Nc4 d5 23. Bc3 Bb4 24. Bxb4 axb4 25. a5 Rxa5 26. Nxa5 Qxa5 27. Ra1 Qb5 28. exd5 cxd5 29. Ra4 d4 30. Qxb4 Qc6 31. Qc4 Qd6 32. Nxd4 Bd5 33. Nf5 Bxc4 34. Nxd6 Bxb3 35. Ra8+ Nf8 36. cxb3 Rxd6 37. Raa1 Rd7 38. Ra8 Rd6 39. f4 1-0

[Event "GRENKE Chess Open 2024"]
[Site "Karlsruhe"]
[Date "2024.03.30"]
[Round "5.18"]
[White "Nevednichy, Vladislav"]
[Black "Smolik, Jachym"]
[Result "*"]
[WhiteElo "2445"]
[BlackElo "2386"]
[Annotator "RC"]
[PlyCount "38"]
[EventDate "2024.03.28"]
[EventType "swiss"]
[EventCountry "GER"]
[SourceTitle "playchess.com"]
[Source "ChessBase"]
[SourceQuality "1"]

1. e4 e5 2. Nf3 Nc6 3. Bb5 a6 4. Ba4 Nf6 5. Nc3 d6 6. Bxc6+ bxc6 7. d4 Nd7 8. O-O a5 9. Re1 Be7 10. b3 O-O 11. Bb2 f6 12. a4 Bb7 13. Qd2 c5 14. dxc5 Nxc5 15. Ba3 Ne6 16. Nd5 Nc5 17. Nc3 Ne6 18. Nd5 Rf7 19. Rad1 Bf8 *

[Event "GRENKE Chess Open 2024"]
[Site "Karlsruhe"]
[Date "2024.03.30"]
[Round "5.18"]
[White "Colpe, Malte"]
[Black "Goldschmidt, Christian"]
[Result "1-0"]
[WhiteElo "2384"]
[BlackElo "2183"]
[Annotator "RC"]
[PlyCount "26"]
[EventDate "2024.03.28"]
[EventType "swiss"]
[EventCountry "GER"]
[SourceTitle "playchess.com"]
[Source "ChessBase"]
[SourceQuality "1"]

1. d4 d5 2. Nf3 Nf6 3. c3 Bf5 4. Qb3 Qc8 5. c4 e6 6. cxd5 exd5 7. Nc3 c6 8. Bf4 Be7 9. Rc1 O-O 10. e3 Nbd7 11. Be2 a6 12. O-O h6 13. Ne5 Re8 1-0

[Event "GRENKE Chess Open 2024"]
[Site "Karlsruhe"]
[Date "2024.03.30"]
[Round "5.18"]
[White "Grutter, Tim"]
[Black "Nagel, Bernhard"]
[Result "0-1"]
[WhiteElo "2318"]
[BlackElo "2160"]
[Annotator "RC"]
[PlyCount "144"]
[EventDate "2024.03.28"]
[EventType "swiss"]
[EventCountry "GER"]
[SourceTitle "playchess.com"]
[Source "ChessBase"]
[SourceQuality "1"]

1. e4 c6 2. Nf3 d5 3. Nc3 dxe4 4. Nxe4 Nd7 5. Qe2 Ndf6 6. d4 Nxe4 7. Qxe4 Nf6 8. Qf4 Qa5+ 9. c3 Qf5 10. Qd2 Qe4+ 11. Be2 Bf5 12. O-O Qc2 13. a4 Qxd2 14. Bxd2 a5 15. Ne5 h5 16. Rfe1 e6 17. Bf3 Nd7 18. Nc4 Bd3 19. b3 Be7 20. Bf4 Bc2 21. Bd1 Bxd1 22. Rexd1 O-O 23. Bd6 Bxd6 24. Nxd6 Rfb8 25. Nc4 Rd8 26. Kf1 b6 27. Ke2 Rab8 28. Kd2 Nf6 29. Kc2 Kf8 30. Rab1 Nd5 31. Ne5 Rbc8 32. Nd3 Ra8 33. Re1 Ke7 34. h3 b5 35. c4 Nb4+ 36. Kc3 Na2+ 37. Kb2 Rxd4 38. Kxa2 Rxd3 39. cxb5 cxb5 40. axb5 Rd5 41. Re4 Rxb5 42. Rc1 Ra7 43. Ka3 Rab7 44. Rc3 g5 45. Rec4 Kf6 46. Rc5 Kg6 47. Rc8 Rf5 48. f3 h4 49. R3c5 Rb5 50. Rc4 Rbd5 51. Rc2 Rd1 52. R8c4 Rfd5 53. f4 R1d2 54. Rxd2 Rxd2 55. fxg5 Kxg5 56. Rg4+ Kf5 57. Rxh4 Rxg2 58. Ra4 Rh2 59. Rxa5+ e5 60. Ra7 Kg6 61. Kb4 Rxh3 62. Kc4 Rh1 63. b4 Rb1 64. b5 e4 65. Ra6+ Kf5 66. b6 Kf4 67. Kc5 e3 68. Ra7 f5 69. Re7 Kf3 70. b7 e2 71. Kc6 f4 72. Re5 Kf2 0-1

[Event "GRENKE Chess Open 2024"]
[Site "Karlsruhe"]
[Date "2024.03.30"]
[Round "5.19"]
[White "Frank, Adam"]
[Black "Koellner, Ruben Gideon"]
[Result "1/2-1/2"]
[WhiteElo "2284"]
[BlackElo "2453"]
[Annotator "RC"]
[PlyCount "63"]
[EventDate "2024.03.28"]
[EventType "swiss"]
[EventCountry "GER"]
[SourceTitle "playchess.com"]
[Source "ChessBase"]
[SourceQuality "1"]

1. e4 e5 2. Nf3 Nc6 3. Bb5 Bc5 4. c3 Nf6 5. O-O a6 6. Ba4 b5 7. Bb3 d6 8. a4 b4 9. a5 O-O 10. d4 Ba7 11. h3 Rb8 12. Be3 exd4 13. cxd4 Ne7 14. Nbd2 Bb7 15. Qc2 d5 16. e5 Ne4 17. Rfc1 Rc8 18. Nxe4 dxe4 19. Ng5 Nf5 20. Nxe4 Nxd4 21. Bxd4 Qxd4 22. Nc5 Bd5 23. Bxd5 Qxd5 24. Nxa6 b3 25. Qf5 c5 26. Rd1 Qc4 27. Qd3 Qe6 28. Qb5 Qxe5 29. Qxb3 c4 30. Qc3 Qb5 31. Nb4 Rb8 32. Nd5 1/2-1/2

[Event "GRENKE Chess Open 2024"]
[Site "Karlsruhe"]
[Date "2024.03.30"]
[Round "5.19"]
[White "Tudor, Henry Edward"]
[Black "Fromm, Marius"]
[Result "*"]
[WhiteElo "2262"]
[BlackElo "2445"]
[Annotator "RC"]
[PlyCount "37"]
[EventDate "2024.03.28"]
[EventType "swiss"]
[EventCountry "GER"]
[SourceTitle "playchess.com"]
[Source "ChessBase"]
[SourceQuality "1"]

1. e4 e5 2. Nf3 Nc6 3. Bb5 Bc5 4. c3 Nf6 5. O-O a6 6. Ba4 b5 7. Bb3 d6 8. a4 b4 9. a5 O-O 10. d4 Ba7 11. h3 Rb8 12. Be3 exd4 13. cxd4 Ne7 14. Nbd2 Bb7 15. Qc2 d5 16. e5 Ne4 17. Rfc1 Rc8 18. Nxe4 dxe4 19. Ng5 *

[Event "GRENKE Chess Open 2024"]
[Site "Karlsruhe"]
[Date "2024.03.30"]
[Round "5.19"]
[White "Dominguez Fernandez, Angel I"]
[Black "Hercegovac, Neven"]
[Result "1/2-1/2"]
[WhiteElo "2175"]
[BlackElo "2312"]
[Annotator "RC"]
[PlyCount "112"]
[EventDate "2024.03.28"]
[EventType "swiss"]
[EventCountry "GER"]
[SourceTitle "playchess.com"]
[Source "ChessBase"]
[SourceQuality "1"]

1. e4 c5 2. c3 Nf6 3. e5 Nd5 4. d4 cxd4 5. Nf3 d6 6. cxd4 Nc6 7. Bc4 dxe5 8. dxe5 Be6 9. Qe2 g6 10. O-O Bg7 11. Ng5 O-O 12. Nxe6 fxe6 13. f4 g5 14. g3 Kh8 15. Nc3 gxf4 16. gxf4 Nd4 17. Qe4 Nxc3 18. bxc3 Rc8 19. Qxd4 Qxd4+ 20. cxd4 Rxc4 21. Be3 Rc3 22. Rae1 Bh6 23. Re2 b5 24. Rf3 a6 25. Kf2 Kg7 26. Bd2 Rc4 27. Be3 Rf5 28. Rg3+ Kf7 29. Kf3 Bf8 30. Rh3 h5 31. Ke4 Bh6 32. Rg2 Rb4 33. Rhg3 Rb1 34. Rg6 Bf8 35. Rg8 Re1 36. R8g6 Rd1 37. h4 a5 38. Rg8 b4 39. R8g3 Bh6 40. Rg6 Bf8 41. Rg1 Rxg1 42. Rxg1 Bh6 43. d5 exd5+ 44. Kf3 e6 45. Rc1 d4 46. Bd2 Bf8 47. Ke4 Be7 48. Be1 Ke8 49. Rc6 Kd7 50. Ra6 Bd8 51. Rd6+ Ke7 52. Rxd4 Rf7 53. Rd6 Bc7 54. Ra6 Rg7 55. Bf2 Rg2 56. Kf3 Rg4 1/2-1/2

[Event "GRENKE Chess Open 2024"]
[Site "Karlsruhe"]
[Date "2024.03.30"]
[Round "5.20"]
[White "Seo, Jung Min"]
[Black "Hess, Max"]
[Result "1/2-1/2"]
[WhiteElo "2450"]
[BlackElo "2392"]
[Annotator "TA"]
[PlyCount "89"]
[EventDate "2024.03.28"]
[EventType "swiss"]
[EventCountry "GER"]
[SourceTitle "playchess.com"]
[Source "ChessBase"]
[SourceQuality "1"]

1. e4 e5 2. Nf3 Nc6 3. Bb5 Nf6 4. d3 d6 5. c3 g6 6. Nbd2 Bg7 7. O-O O-O 8. Re1 a6 9. Ba4 Bd7 10. Nf1 Nh5 11. Ng3 Nxg3 12. hxg3 Bg4 13. Be3 d5 14. Bxc6 bxc6 15. Qa4 Qd6 16. d4 Bxf3 17. gxf3 Rfb8 18. Rab1 a5 19. dxe5 Bxe5 20. Kg2 Rb7 21. Bd4 Bxd4 22. Qxd4 dxe4 23. Qxe4 Rab8 24. b3 Qf6 25. Rbd1 Qxc3 26. Rc1 Qd2 27. Rc2 Qd5 28. Rxc6 Qxe4 29. Rxe4 Ra7 30. Re7 a4 31. bxa4 Kf8 32. Rd7 Ke8 33. Rdxc7 Rxc7 34. Rxc7 Rb2 35. a3 Rb3 36. a5 Rxa3 37. Rc5 h5 38. f4 Ke7 39. Rb5 Ke6 40. Kf1 Ra2 41. Kg2 Ra3 42. Kh3 Ra2 43. Re5+ Kf6 44. Kg2 Ra3 45. Rb5 1/2-1/2

[Event "GRENKE Chess Open 2024"]
[Site "Karlsruhe"]
[Date "2024.03.30"]
[Round "5.20"]
[White "Kilic, Eray"]
[Black "Seul, Georg"]
[Result "*"]
[WhiteElo "2439"]
[BlackElo "2359"]
[Annotator "RC"]
[PlyCount "34"]
[EventDate "2024.03.28"]
[EventType "swiss"]
[EventCountry "GER"]
[SourceTitle "playchess.com"]
[Source "ChessBase"]
[SourceQuality "1"]

1. e4 e5 2. Nf3 Nc6 3. Bb5 Nf6 4. d3 d6 5. c3 g6 6. Nbd2 Bg7 7. O-O O-O 8. Re1 a6 9. Ba4 Bd7 10. Nf1 Nh5 11. Ng3 Nxg3 12. hxg3 Bg4 13. Be3 d5 14. Bxc6 bxc6 15. Qa4 Qd6 16. d4 Bxf3 17. gxf3 Rfb8 *

[Event "GRENKE Chess Open 2024"]
[Site "Karlsruhe"]
[Date "2024.03.30"]
[Round "5.20"]
[White "Zackrisson, Peter"]
[Black "Samani, Yamac"]
[Result "1/2-1/2"]
[WhiteElo "2217"]
[BlackElo "2378"]
[Annotator "RC"]
[PlyCount "64"]
[EventDate "2024.03.28"]
[EventType "swiss"]
[EventCountry "GER"]
[SourceTitle "playchess.com"]
[Source "ChessBase"]
[SourceQuality "1"]

1. d4 d6 2. e4 Nf6 3. Nc3 e5 4. Nf3 Nbd7 5. Bc4 Be7 6. O-O O-O 7. Re1 c6 8. a4 h6 9. h3 Re8 10. a5 Rb8 11. dxe5 dxe5 12. Be3 b5 13. axb6 axb6 14. Ba2 Bb4 15. Nd2 Nc5 16. f3 Qe7 17. Ne2 Ne6 18. Nc1 Bc5 19. Nf1 Nf4 20. Nd3 Bxe3+ 21. Nxe3 N6h5 22. Nxf4 Nxf4 23. Qd2 Rd8 24. Qf2 Rd6 25. Kh2 Rg6 26. Bc4 Be6 27. Be2 Qc5 28. Bf1 Rf6 29. Red1 h5 30. Ra3 Qb4 31. c3 Qe7 32. Rda1 b5 1/2-1/2

[Event "GRENKE Chess Open 2024"]
[Site "Karlsruhe"]
[Date "2024.03.30"]
[Round "5.20"]
[White "Peng, Xiang-Tobias"]
[Black "Sutter, Oliver"]
[Result "1/2-1/2"]
[WhiteElo "2173"]
[BlackElo "2311"]
[Annotator "RC"]
[PlyCount "163"]
[EventDate "2024.03.28"]
[EventType "swiss"]
[EventCountry "GER"]
[SourceTitle "playchess.com"]
[Source "ChessBase"]
[SourceQuality "1"]

1. e4 c6 2. Nc3 d5 3. Nf3 Bg4 4. h3 Bxf3 5. Qxf3 e6 6. a3 Nf6 7. d3 d4 8. Ne2 c5 9. g4 Nc6 10. Bg2 Bd6 11. Bf4 Bxf4 12. Qxf4 e5 13. Qg5 O-O 14. O-O Nd7 15. Qd2 Ne7 16. f4 exf4 17. Nxf4 Ne5 18. Nd5 Nxd5 19. exd5 Qb6 20. Rae1 Rae8 21. b3 Ng6 22. Be4 Qd6 23. Qh2 Qxh2+ 24. Kxh2 Ne5 25. d6 f6 26. Bxb7 g5 27. b4 cxb4 28. axb4 Rd8 29. Bd5+ Kg7 30. Re4 Rxd6 31. Rxd4 Rfd8 32. c4 Nc6 33. Re4 Nxb4 34. Re7+ Kh8 35. Be4 Nxd3 36. Rd1 Nc5 37. Rxh7+ Kg8 38. Rxd6 Rxd6 39. Bf5 Ra6 40. Rc7 Ra5 41. Kg3 Kf8 42. Kf3 Nb3 43. Ke3 Re5+ 44. Kd3 a5 45. Ra7 a4 46. Kc3 Ra5 47. Rxa5 Nxa5 48. Kb4 a3 49. Bb1 Nb7 50. Kxa3 Ke7 51. Kb4 Kd6 52. Kb5 Nc5 53. Bf5 Nb3 54. Kb6 Nc5 55. Bc2 Nd7+ 56. Kb5 Nc5 57. Bb1 Nd7 58. Bf5 Nc5 59. Kb6 Na4+ 60. Ka5 Nc5 61. Bg6 Nd7 62. Kb5 Nc5 63. Bf7 Nd7 64. Bg8 Nc5 65. Kb6 Nd3 66. Bd5 Nc5 67. Bg2 Nd3 68. Kb7 Nc5+ 69. Kc8 Ne6 70. Bf1 Kc6 71. Bg2+ Kd6 72. Kb7 Nc5+ 73. Kb8 Nd7+ 74. Ka7 Kc5 75. Kb7 Kd6 76. Bd5 Nc5+ 77. Kc8 Nd3 78. Kd8 Nf4 79. Bf3 Nxh3 80. Ke8 Nf2 81. Kf7 Kc5 82. Kxf6 1/2-1/2

[Event "GRENKE Chess Open 2024"]
[Site "Karlsruhe"]
[Date "2024.03.30"]
[Round "5.21"]
[White "Nevednichy, Vladislav"]
[Black "Smolik, Jachym"]
[Result "1-0"]
[WhiteElo "2445"]
[BlackElo "2386"]
[Annotator "TA"]
[PlyCount "109"]
[EventDate "2024.03.28"]
[EventType "swiss"]
[EventCountry "GER"]
[SourceTitle "playchess.com"]
[Source "ChessBase"]
[SourceQuality "1"]

1. e4 c6 2. d4 d5 3. e5 Bf5 4. h4 h5 5. Bd3 Bxd3 6. Qxd3 Qa5+ 7. Nd2 e6 8. Ngf3 Nh6 9. O-O Nf5 10. c4 Qa6 11. Qc3 dxc4 12. Nxc4 Nd7 13. Bg5 Nb6 14. Ne3 Ne7 15. Qc2 Ned5 16. a3 Rc8 17. b4 Rc7 18. Rfe1 Qa4 19. Qd3 Rd7 20. Nf1 Nc7 21. N1d2 Qb5 22. Qc2 Qa4 23. Qd3 Qb5 24. Qb1 Nbd5 25. Ne4 b6 26. Qc2 Na6 27. Rec1 Nb8 28. Nfd2 Qe2 29. Re1 Qa6 30. Nc4 Be7 31. Bxe7 Kxe7 32. Ned6 Rh6 33. Qb3 b5 34. Nd2 Kf8 35. N2e4 Qb6 36. Nc5 Rc7 37. a4 bxa4 38. Rxa4 a6 39. Nc4 Qa7 40. Rea1 Kg8 41. g3 Rg6 42. Kh2 Ne7 43. Nd6 Qb6 44. Qf3 Nd5 45. Nc4 Qb5 46. Nd6 Qb6 47. Qxh5 Nc3 48. R4a3 Nd5 49. Rb1 Nxb4 50. Rxb4 Qxb4 51. Rb3 Rh6 52. Rxb4 Rxh5 53. Rxb8+ Kh7 54. Kh3 Ra7 55. g4 1-0

[Event "GRENKE Chess Open 2024"]
[Site "Karlsruhe"]
[Date "2024.03.30"]
[Round "5.21"]
[White "Tifferet, Shakked"]
[Black "Kocak, Ediz"]
[Result "1-0"]
[WhiteElo "2310"]
[BlackElo "2158"]
[Annotator "RC"]
[PlyCount "33"]
[EventDate "2024.03.28"]
[EventType "swiss"]
[EventCountry "GER"]
[SourceTitle "playchess.com"]
[Source "ChessBase"]
[SourceQuality "1"]

1. d4 d5 2. c4 e6 3. Nf3 Nf6 4. g3 Bb4+ 5. Bd2 Be7 6. Bg2 O-O 7. O-O c6 8. Bc3 b6 9. Nbd2 Bb7 10. b4 c5 11. bxc5 bxc5 12. Rb1 Qc8 13. Qb3 Ba6 14. Ne5 cxd4 15. Bxd4 Nbd7 16. cxd5 Rb8 17. Nc6 1-0

[Event "GRENKE Chess Open 2024"]
[Site "Karlsruhe"]
[Date "2024.03.30"]
[Round "5.21"]
[White "Gruenter, Martin"]
[Black "Weishaeutel, Moritz"]
[Result "0-1"]
[WhiteElo "2211"]
[BlackElo "2378"]
[Annotator "RC"]
[PlyCount "70"]
[EventDate "2024.03.28"]
[EventType "swiss"]
[EventCountry "GER"]
[SourceTitle "playchess.com"]
[Source "ChessBase"]
[SourceQuality "1"]

1. e4 e5 2. Nf3 Nc6 3. Bc4 Nf6 4. d3 Bc5 5. c3 O-O 6. Nbd2 d5 7. exd5 Nxd5 8. O-O Nb6 9. Bb5 Bd6 10. Re1 Bg4 11. h3 Bh5 12. Ne4 f5 13. Ng3 Bxf3 14. Qxf3 Qd7 15. a4 a6 16. Bxc6 bxc6 17. a5 Nd5 18. Ra4 Rae8 19. Nf1 Re6 20. Rc4 Rg6 21. Qe2 Ne7 22. Kh1 c5 23. Nd2 Nc6 24. Nb3 Qf7 25. Nxc5 Qd5 26. Ne4 fxe4 27. dxe4 Qb5 28. b4 Rxf2 29. Qxf2 Qxc4 30. Qf5 Rf6 31. Qd7 Rf7 32. Qe8+ Rf8 33. Qd7 Qxc3 34. Rd1 Nxb4 35. Bh6 gxh6 0-1

[Event "GRENKE Chess Open 2024"]
[Site "Karlsruhe"]
[Date "2024.03.30"]
[Round "5.21"]
[White "Wagner, Benjamin"]
[Black "Finek, Vaclav"]
[Result "*"]
[WhiteElo "2151"]
[BlackElo "2436"]
[Annotator "RC"]
[PlyCount "41"]
[EventDate "2024.03.28"]
[EventType "swiss"]
[EventCountry "GER"]
[SourceTitle "playchess.com"]
[Source "ChessBase"]
[SourceQuality "1"]

1. e4 c6 2. d4 d5 3. e5 Bf5 4. h4 h5 5. Bd3 Bxd3 6. Qxd3 Qa5+ 7. Nd2 e6 8. Ngf3 Nh6 9. O-O Nf5 10. c4 Qa6 11. Qc3 dxc4 12. Nxc4 Nd7 13. Bg5 Nb6 14. Ne3 Ne7 15. Qc2 Ned5 16. a3 Rc8 17. b4 Rc7 18. Rfe1 Qa4 19. Qd3 Rd7 20. Nf1 Nc7 21. N1d2 *

[Event "GRENKE Chess Open 2024"]
[Site "Karlsruhe"]
[Date "2024.03.30"]
[Round "5.22"]
[White "Ben Ari, Yannay"]
[Black "Peil, Christoph"]
[Result "*"]
[WhiteElo "2434"]
[BlackElo "2268"]
[Annotator "RC"]
[PlyCount "31"]
[EventDate "2024.03.28"]
[EventType "swiss"]
[EventCountry "GER"]
[SourceTitle "playchess.com"]
[Source "ChessBase"]
[SourceQuality "1"]

1. d4 Nf6 2. c4 e6 3. Nc3 Bb4 4. e3 b6 5. Bd3 Bb7 6. Nf3 O-O 7. O-O d5 8. cxd5 exd5 9. Bd2 Nbd7 10. Rc1 a6 11. Ne1 Re8 12. f4 c5 13. Nf3 c4 14. Bb1 b5 15. Ne5 Bf8 16. Qf3 *

[Event "GRENKE Chess Open 2024"]
[Site "Karlsruhe"]
[Date "2024.03.30"]
[Round "5.22"]
[White "Sliwicka, Alicja"]
[Black "Lichtmannecker, Daniel"]
[Result "1-0"]
[WhiteElo "2309"]
[BlackElo "2155"]
[Annotator "RC"]
[PlyCount "54"]
[EventDate "2024.03.28"]
[EventType "swiss"]
[EventCountry "GER"]
[SourceTitle "playchess.com"]
[Source "ChessBase"]
[SourceQuality "1"]

1. e4 c6 2. d4 d5 3. e5 c5 4. Nf3 cxd4 5. Nxd4 Nc6 6. Nxc6 bxc6 7. Bd3 e6 8. Nd2 a5 9. O-O Ne7 10. Nf3 Ba6 11. c3 Bxd3 12. Qxd3 Ng6 13. g3 Qc7 14. Re1 Be7 15. h4 h5 16. Bd2 Nf8 17. Bg5 Bxg5 18. Nxg5 Nd7 19. Qf3 Nb6 20. b3 Qe7 21. c4 g6 22. cxd5 cxd5 23. Qe3 Nd7 24. Rac1 O-O 25. Rc7 Rfc8 26. Rec1 Qd8 27. Qf4 Rxc7 1-0